[Event "2.BLS 0203 SCA St Ingbert - Heidelberg "]
[Site "St. Ingbert"]
[Date "2003.01.26"]
[Round "5.7"]
[White "Syska, Albert"]
[Black "Gross, Georg"]
[Result "0-1"]
[WhiteElo "2250"]
[BlackElo "2321"]
[PlyCount "86"]
[EventDate "2003.??.??"]

1. e4 Nc6 2. Nc3 Nf6 3. d4 d5 4. e5 Nd7 5. Nce2 Nb6 6. Nf4 Bf5 7. g4 Bd7 8. c3
e6 9. Nf3 Qe7 10. Nh5 f6 11. exf6 gxf6 12. g5 O-O-O 13. gxf6 Qe8 14. Ne5 Nxe5
15. dxe5 d4 16. Qg4 dxc3 17. bxc3 Bc6 18. Rg1 Bd5 19. Rg3 Qc6 20. Be2 Bc4 21.
Nf4 h5 22. Qf3 Qc5 23. Qe4 h4 24. Rg4 Bd3 25. Bxd3 Qxc3+ 26. Bd2 Qxa1+ 27. Ke2
Qxa2 28. Ng6 Bh6 29. f4 Nd5 30. Qc4 Qb2 31. Nxh8 Rxh8 32. f7 Rd8 33. Rg8 Bf8
34. Kd1 Qa1+ 35. Kc2 a5 36. f5 Qxe5 37. fxe6 Qxe6 38. Qxh4 Qxf7 39. Qg4+ Kb8
40. Bc4 Qh7+ 41. Kb3 Qb1+ 42. Ka4 Qc2+ 43. Bb3 Qc6+ 0-1

[Event "2.BLS 0203 Pang Rosenheim - SK Viernhei"]
[Site "?"]
[Date "2003.01.26"]
[Round "5.1"]
[White "Beikert, Guenther Dr"]
[Black "Grundherr, Martin"]
[Result "1-0"]
[WhiteElo "2444"]
[BlackElo "2343"]
[PlyCount "60"]
[EventDate "2003.??.??"]

1. e4 c6 2. d4 d5 3. exd5 cxd5 4. c3 Nf6 5. Bf4 Qb6 6. Qb3 Nbd7 7. Nf3 e6 8.
Bd3 Qxb3 9. axb3 Nh5 10. Bc7 Be7 11. h3 O-O 12. Nbd2 Nhf6 13. Bh2 Ne8 14. Ne5
Nd6 15. O-O f6 16. Nef3 g5 17. Rfe1 Nb6 18. c4 dxc4 19. bxc4 Ne8 20. Ne4 Bd7
21. Nc5 Bxc5 22. dxc5 Na4 23. b4 e5 24. Be4 Nc3 25. Bxb7 Rb8 26. c6 Bf5 27.
Nxe5 Rd8 28. Ng4 Bxg4 29. hxg4 Rf7 30. Kf1 Nd6 1-0

[Event "2.BLS 0203 Pang Rosenheim - SK Viernhei"]
[Site "?"]
[Date "2003.01.26"]
[Round "5.2"]
[White "Blaskowski, Johannes"]
[Black "Vidonyak, Roman"]
[Result "1/2-1/2"]
[WhiteElo "2310"]
[BlackElo "2452"]
[PlyCount "148"]
[EventDate "2003.??.??"]

1. e4 d5 2. exd5 Qxd5 3. Nc3 Qa5 4. d4 Nf6 5. Nf3 c6 6. Bd2 Bf5 7. Ne4 Qb6 8.
Nxf6+ gxf6 9. b4 e6 10. a3 Bg4 11. c3 Nd7 12. Be2 Rg8 13. h3 Bf5 14. Be3 O-O-O
15. Nh4 Be4 16. f3 Bg6 17. Nxg6 Rxg6 18. g4 Bh6 19. Bxh6 Rxh6 20. Qd2 Rh4 21.
O-O-O Qc7 22. Qe1 Qf4+ 23. Qd2 Qxd2+ 24. Rxd2 h5 25. Bf1 Rh8 26. Rg1 Rg8 27. c4
f5 28. Rdg2 Rxh3 29. gxf5 Rxg2 30. Rxg2 Rxf3 31. Be2 Rxf5 32. Rg8+ Kc7 33. Kd2
a5 34. Rg7 axb4 35. axb4 Kd6 36. Bd3 Rf2+ 37. Ke3 Rb2 38. Rxf7 Rxb4 39. c5+ Kc7
40. Re7 e5 41. dxe5 Kd8 42. Rh7 Nxe5 43. Rxh5 Ng4+ 44. Kd2 Nf6 45. Kc3 Rf4 46.
Rh8+ Kc7 47. Kb3 Rf3 48. Kc4 Rf4+ 49. Kb3 Rf3 50. Kc4 Nd7 51. Rh7 Kd8 52. Rh5
Rf4+ 53. Kc3 Nf6 54. Rh8+ Kd7 55. Kb3 Rf3 56. Kc4 Ke6 57. Rh4 Ke5 58. Rd4 Nd5
59. Re4+ Kf6 60. Re8 Rf4+ 61. Kb3 Rb4+ 62. Kc2 Rg4 63. Kb3 Rg3 64. Kc4 Rg4+ 65.
Kb3 Rg7 66. Kc4 Nc7 67. Rf8+ Ke5 68. Rf5+ Ke6 69. Rf4 Rg5 70. Re4+ Kf6 71. Rf4+
Ke7 72. Rf5 Rg4+ 73. Kb3 Ne6 74. Kc3 Rg5 1/2-1/2

[Event "2.BLS 0203 Pang Rosenheim - SK Viernhei"]
[Site "?"]
[Date "2003.01.26"]
[Round "5.4"]
[White "Duer, Werner"]
[Black "Wegerle, Joerg"]
[Result "0-1"]
[WhiteElo "2285"]
[BlackElo "2365"]
[PlyCount "110"]
[EventDate "2003.??.??"]

1. d4 d5 2. c4 e6 3. Nf3 c6 4. Nbd2 Nf6 5. Qc2 Nbd7 6. e4 dxe4 7. Nxe4 c5 8.
Nxf6+ Nxf6 9. Be3 cxd4 10. Bxd4 Bb4+ 11. Bc3 Qa5 12. Bxb4 Qxb4+ 13. Nd2 Bd7 14.
Be2 Rd8 15. Rd1 Ba4 16. b3 Bc6 17. O-O O-O 18. Bf3 Rd6 19. Bxc6 bxc6 20. Nb1
Rfd8 21. Nc3 h5 22. Rxd6 Rxd6 23. h3 Rd4 24. Re1 h4 25. Re2 Qd6 26. Qc1 g6 27.
Re1 Rd3 28. Qg5 Nh7 29. Qa5 Nf6 30. Qg5 Kg7 31. Qxf6+ Kxf6 32. Ne4+ Kf5 33.
Nxd6+ Rxd6 34. Re2 Rd1+ 35. Kh2 Kf4 36. Rc2 Ke4 37. c5 a5 38. Rc4+ Rd4 39. Rc3
Kd5 40. a3 e5 41. g3 e4 42. gxh4 Rd3 43. Rc4 Rxb3 44. Ra4 Rb5 45. Kg3 Ke5 46.
f3 f5 47. fxe4 fxe4 48. Kg4 Rxc5 49. Kg3 Kf5 50. h5 gxh5 51. h4 Ke5 52. Kf2 Kf4
53. Ke2 Rb5 54. Rc4 Rb2+ 55. Ke1 Kf3 0-1

[Event "2.BLS 0203 Pang Rosenheim - SK Viernhei"]
[Site "?"]
[Date "2003.01.26"]
[Round "5.5"]
[White "Kratochwil, Christian"]
[Black "Geisler, Fabian"]
[Result "1-0"]
[WhiteElo "2319"]
[BlackElo "2273"]
[PlyCount "99"]
[EventDate "2003.??.??"]

1. c4 f5 2. Nf3 Nf6 3. g3 g6 4. Bg2 Bg7 5. O-O O-O 6. d4 d6 7. d5 Na6 8. Nc3
Qe8 9. Rb1 Bd7 10. b4 c6 11. Be3 Nc7 12. Qd2 Ng4 13. Bf4 cxd5 14. Nxd5 Ne6 15.
h3 Ne5 16. Nxe5 dxe5 17. Bh6 Bxh6 18. Qxh6 f4 19. Be4 Rc8 20. c5 Nd4 21. Rbe1
Nf5 22. Bxf5 Rxf5 23. g4 Rf7 24. Qg5 Qf8 25. Qxe5 e6 26. Nc3 Qh6 27. Kh2 f3 28.
e3 Qh4 29. Ne4 Bb5 30. Rg1 Bc6 31. Rg3 Bxe4 32. Qxe4 Qf6 33. Rc1 Rd8 34. Rc2
Rdf8 35. Rd2 Qa1 36. Rg1 Qf6 37. b5 a6 38. c6 bxc6 39. bxc6 Qe7 40. Rd7 Qh4 41.
Rf1 Qf6 42. Rfd1 Qb2 43. R1d2 Qb5 44. Rxf7 Rxf7 45. Qxe6 Qf1 46. Rd8+ Kg7 47.
Qe5+ Rf6 48. Rd7+ Kh8 49. Qb8+ Rf8 50. Qg3 1-0

[Event "2.BLS 0203 Pang Rosenheim - SK Viernhei"]
[Site "?"]
[Date "2003.01.26"]
[Round "5.6"]
[White "Salvermoser, Bernd"]
[Black "Spiegel, Stefan Dr"]
[Result "1/2-1/2"]
[WhiteElo "2306"]
[BlackElo "2288"]
[PlyCount "138"]
[EventDate "2003.??.??"]

1. d4 Nf6 2. c4 e6 3. Nc3 Bb4 4. e3 Bxc3+ 5. bxc3 d6 6. Bd3 c5 7. Ne2 Nc6 8. f4
e5 9. d5 e4 10. Bb1 Na5 11. Ng3 Bd7 12. Nxe4 Nxc4 13. Qd3 b5 14. a4 Nxe4 15.
Qxe4+ Qe7 16. Qd3 Na5 17. Bc2 a6 18. O-O f5 19. axb5 axb5 20. c4 b4 21. Bb2 O-O
22. Ra2 Rfb8 23. Bd1 Qe4 24. Be2 Qxd3 25. Bxd3 Nb3 26. Rxa8 Rxa8 27. Rf2 g6 28.
Re2 Na5 29. Re1 Nb3 30. e4 fxe4 31. Bxe4 Kf7 32. Re2 Re8 33. Kf2 Na5 34. Bd3
Rxe2+ 35. Kxe2 Ba4 36. f5 Bb3 37. fxg6+ hxg6 38. Ke3 Nxc4+ 39. Bxc4 Bxc4 40.
Ke4 Bf1 41. Kf3 c4 42. Bd4 c3 43. g3 g5 44. Ke4 Kg6 45. h4 Bg2+ 46. Kd3 Bxd5
47. hxg5 Kxg5 48. Bb6 Kg4 49. Kc2 Be4+ 50. Kb3 c2 51. Kb2 d5 52. Kc1 Kf3 53.
Kd2 b3 54. Bd4 c1=Q+ 55. Kxc1 Ke2 56. Kb2 Kd3 57. Bc3 Kc4 58. g4 Bc2 59. g5 d4
60. Be1 Bg6 61. Bf2 Bf7 62. g6 Bg8 63. Bg3 Kd3 64. Be5 Ke3 65. Kc1 Be6 66. Bf6
Kd3 67. Kb2 Bd5 68. Be5 Ke3 69. Kc1 Bg8 1/2-1/2

[Event "2.BLS 0203 Pang Rosenheim - SK Viernhei"]
[Site "?"]
[Date "2003.01.26"]
[Round "5.7"]
[White "Tresch, Ralf"]
[Black "Keller, Manfred"]
[Result "0-1"]
[WhiteElo "2287"]
[BlackElo "2219"]
[PlyCount "34"]
[EventDate "2003.??.??"]

1. e4 Nf6 2. Nc3 d5 3. e5 Ne4 4. Nce2 d4 5. c3 Nc6 6. Nf3 dxc3 7. bxc3 Bg4 8.
d4 e6 9. h3 Bh5 10. Bb2 Ng5 11. Nd2 Qd5 12. Rg1 O-O-O 13. g4 Nxe5 14. dxe5
Qxd2+ 15. Qxd2 Nf3+ 16. Kd1 Rxd2+ 17. Kc1 Rxe2 0-1

[Event "2.BLS 0203 Pang Rosenheim - SK Viernhei"]
[Site "?"]
[Date "2003.01.26"]
[Round "5.8"]
[White "Markl, Martin"]
[Black "Bogulavskyy, Oleg"]
[Result "1/2-1/2"]
[WhiteElo "2219"]
[BlackElo "2299"]
[PlyCount "57"]
[EventDate "2003.??.??"]

1. d4 Nf6 2. c4 e6 3. Nc3 d5 4. Bg5 Be7 5. e3 O-O 6. Qc2 c5 7. Nf3 cxd4 8. Nxd4
Nc6 9. Nxc6 bxc6 10. Bd3 h6 11. Bh4 Ba6 12. cxd5 Bxd3 13. Qxd3 cxd5 14. O-O Qb6
15. Rab1 Rfc8 16. Rfc1 Rc4 17. Bxf6 Bxf6 18. b3 Rc6 19. Ne2 Rac8 20. Qd2 Qa6
21. g3 Qa3 22. Rxc6 Rxc6 23. Rc1 Rxc1+ 24. Nxc1 e5 25. Qc2 g6 26. Nd3 Kg7 27.
Qc5 Qxc5 28. Nxc5 Be7 29. Na4 {(=)} 1/2-1/2

[Event "2.BLS 0203 SG Kirchheim - Karlsruher SF"]
[Site "?"]
[Date "2003.01.26"]
[Round "5.1"]
[White "Delemarre, Jop"]
[Black "Gschnitzer, Oswald Dr"]
[Result "1-0"]
[WhiteElo "2418"]
[BlackElo "2428"]
[PlyCount "61"]
[EventDate "2003.??.??"]

1. d4 Nf6 2. c4 e6 3. Nf3 b6 4. a3 Ba6 5. Qc2 c5 6. d5 exd5 7. cxd5 g6 8. Bf4
d6 9. Nc3 Bg7 10. Qa4+ Qd7 11. Bxd6 Qxa4 12. Nxa4 Nxd5 13. O-O-O Ne7 14. e4
Bxf1 15. Rhxf1 Nbc6 16. Nc3 Bxc3 17. bxc3 Rd8 18. Be5 Rxd1+ 19. Rxd1 Nxe5 20.
Nxe5 f6 21. Nd7 f5 22. e5 Kf7 23. Rd6 Nc8 24. Rc6 Rd8 25. Nf6 h6 26. f4 g5 27.
Nh5 gxf4 28. Rf6+ Kg8 29. e6 Ne7 30. Rf7 Nd5 31. c4 1-0

[Event "2.BLS 0203 SG Kirchheim - Karlsruher SF"]
[Site "?"]
[Date "2003.01.26"]
[Round "5.2"]
[White "Wintzer, Joachim Dr"]
[Black "Arnold, Lothar"]
[Result "1/2-1/2"]
[WhiteElo "2367"]
[BlackElo "2360"]
[PlyCount "182"]
[EventDate "2003.??.??"]

1. c4 e5 2. Nc3 Nf6 3. e3 Bb4 4. Nge2 O-O 5. a3 Bxc3 6. Nxc3 d5 7. cxd5 Nxd5 8.
Qc2 Nc6 9. b4 Nxc3 10. Qxc3 Qe7 11. Bb2 a6 12. Be2 f6 13. O-O Be6 14. Rab1 Qd6
15. Qc2 Rad8 16. Rfd1 Rf7 17. d3 Rfd7 18. Bc3 Bd5 19. a4 Ne7 20. b5 axb5 {(=)}
21. axb5 c5 22. bxc6 Qxc6 23. Bf1 Rc8 24. Rdc1 Rdc7 25. Qb2 Qd7 26. h3 Be6 27.
Bd2 Rxc1 28. Bxc1 Bd5 29. Bd2 h6 30. Kh2 Bc6 31. Kg1 Kh8 32. Be1 Nf5 33. Qb4
Ne7 34. Bd2 Rd8 35. Be1 Ra8 36. Rd1 Rd8 37. Be2 Nd5 38. Qb2 Ne7 39. Qb4 Nd5 40.
Qb2 Ne7 41. Qa3 Nd5 42. Bg4 Qe8 43. Bf3 Ne7 44. e4 Bb5 45. Qb2 Ba6 46. d4 Rxd4
47. Rxd4 exd4 48. Qxd4 Nc6 49. Qd5 Ne5 50. Bd1 Bb5 51. f3 Bc6 52. Qd4 b5 53.
Bc3 Nc4 54. Bb3 Bd7 55. Bxc4 bxc4 56. Qxc4 Be6 57. Qd4 Qd7 58. Qe3 Kg8 59. Kf2
Qc6 60. Bxf6 gxf6 61. Qxh6 Bf7 62. Qf4 Kg7 63. Kg3 Qc5 64. Kh2 Bg6 65. Qd2 Qe5+
66. g3 Qe7 67. Qe3 Qc7 68. Kg2 Qc2+ 69. Qf2 Qc7 70. Qd2 Qe7 71. Qe3 Qc7 72. g4
Qe5 73. h4 Qb2+ 74. Kh3 Qb5 75. f4 Qc6 76. f5 Bf7 77. g5 fxg5 78. hxg5 Qd7 79.
Qc3+ Kg8 80. Kg3 Qd1 81. Qe3 Bh5 82. Kf2 Qc2+ 83. Kg3 Qd1 84. g6 Qg4+ 85. Kf2
Bxg6 86. fxg6 Qxg6 87. Qf4 Qf7 88. Kg3 Qb3+ 89. Kg4 Qe6+ 90. Qf5 Qxf5+ 91. Kxf5
Kf7 1/2-1/2

[Event "2.BLS 0203 SG Kirchheim - Karlsruher SF"]
[Site "?"]
[Date "2003.01.26"]
[Round "5.3"]
[White "Werner, Clemens"]
[Black "Biebinger, Gerhard"]
[Result "1-0"]
[WhiteElo "2351"]
[BlackElo "2391"]
[PlyCount "55"]
[EventDate "2003.??.??"]

1. e4 b6 2. d4 Bb7 3. Bd3 e6 4. Nf3 c5 5. c3 Nf6 6. e5 Nd5 7. O-O cxd4 8. cxd4
Ba6 9. Nc3 Nxc3 10. bxc3 Qc8 11. Bf4 Bxd3 12. Qxd3 Be7 13. c4 O-O 14. Rfd1 Nc6
15. Ng5 Bxg5 16. Bxg5 h6 17. Bh4 Re8 18. f4 Ne7 19. g4 Qa6 20. f5 Rac8 21. Bxe7
Rxe7 22. f6 Ree8 23. Rac1 b5 24. c5 g6 25. Qd2 Kh7 26. Rc3 Rg8 27. Rh3 g5 28.
Qd3+ 1-0

[Event "2.BLS 0203 SG Kirchheim - Karlsruher SF"]
[Site "?"]
[Date "2003.01.26"]
[Round "5.4"]
[White "Vonthron, Horst"]
[Black "Gerstner, Wolfgang"]
[Result "1/2-1/2"]
[WhiteElo "2351"]
[BlackElo "2374"]
[PlyCount "86"]
[EventDate "2003.??.??"]

1. e4 c5 2. Nc3 e6 3. f4 d5 4. Nf3 dxe4 5. Nxe4 Nf6 6. Bb5+ Bd7 7. Qe2 Nxe4 8.
Bxd7+ Qxd7 9. Qxe4 Nc6 10. d3 Nd4 11. Nxd4 cxd4 12. f5 Bb4+ 13. c3 Ba5 14. b4
Bc7 15. c4 O-O-O 16. fxe6 Qd6 17. c5 Qxe6 18. Qxe6+ fxe6 19. O-O Rhf8 20. Bg5
Rde8 21. Rxf8 Rxf8 22. Re1 Kd7 23. Re4 e5 24. Bd2 Kc6 25. Rh4 h6 26. Rg4 Rf7
27. a4 Kd5 28. g3 Bd8 29. Kg2 a5 30. bxa5 Kxc5 31. Re4 Kd5 32. Re1 Rc7 33. Kh3
Rc2 34. Bb4 h5 35. Rb1 g5 36. g4 hxg4+ 37. Kxg4 Rxh2 38. Be1 Re2 39. Rxb7 Rxe1
40. Rd7+ {(=)} Kc6 41. Rxd8 Kb7 42. Kxg5 Re3 43. Kf5 Rxd3 1/2-1/2

[Event "2.BLS 0203 SG Kirchheim - Karlsruher SF"]
[Site "?"]
[Date "2003.01.26"]
[Round "5.5"]
[White "Duschek, Volker"]
[Black "Beckhuis, Gernod"]
[Result "1/2-1/2"]
[WhiteElo "2321"]
[BlackElo "2283"]
[PlyCount "44"]
[EventDate "2003.??.??"]

1. e4 e6 2. d4 d5 3. exd5 exd5 4. Nf3 Nf6 5. Bd3 Bg4 6. O-O Be7 7. Re1 O-O 8.
Bg5 Nbd7 9. c4 dxc4 10. Bxc4 Nb6 11. Bb3 Nfd5 12. Bxe7 Nxe7 13. Nc3 c6 14. h3
Bxf3 15. Qxf3 Qd7 16. Re5 Ng6 17. Re4 Rae8 18. Rae1 Rxe4 19. Rxe4 Nc8 20. h4
Nd6 21. Rg4 Qf5 22. Qxf5 Nxf5 {(=)} 1/2-1/2

[Event "2.BLS 0203 SG Kirchheim - Karlsruher SF"]
[Site "?"]
[Date "2003.01.26"]
[Round "5.6"]
[White "Wippermann, Till"]
[Black "Karst, Elmar"]
[Result "1/2-1/2"]
[WhiteElo "2354"]
[BlackElo "2280"]
[PlyCount "36"]
[EventDate "2003.??.??"]

1. e4 c5 2. Nc3 Nc6 3. f4 e6 4. Nf3 d5 5. Bb5 Nge7 6. Qe2 d4 7. Nd1 a6 8. Bxc6+
Nxc6 9. Nf2 Be7 10. O-O b6 11. d3 Qc7 12. Bd2 Bb7 13. c4 dxc3 14. bxc3 Rd8 15.
Be3 f5 16. a4 fxe4 17. dxe4 Na5 18. Rab1 Bf6 {(=)} 1/2-1/2

[Event "2.BLS 0203 SG Kirchheim - Karlsruher SF"]
[Site "?"]
[Date "2003.01.26"]
[Round "5.7"]
[White "Kargoll, Boris"]
[Black "Rudolph, Johannes"]
[Result "1/2-1/2"]
[WhiteElo "2263"]
[BlackElo "2260"]
[PlyCount "135"]
[EventDate "2003.??.??"]

1. d4 d5 2. Nf3 Nf6 3. c4 c6 4. e3 Bf5 5. cxd5 cxd5 6. Qb3 Qc7 7. Bd2 e6 8.
Bb5+ Nc6 9. Bb4 Bxb4+ 10. Qxb4 Nd7 11. Qa3 Qa5+ 12. Qxa5 Nxa5 13. Ne5 Nc6 14.
Nxc6 Rc8 15. Ke2 bxc6 16. Rc1 Nb8 17. Nd2 Kd7 18. Ba4 Kd6 19. Rc3 f6 20. Rac1
e5 21. Nb3 Rhe8 22. Kd2 Rc7 23. dxe5+ fxe5 24. Na5 Bd7 25. b4 Rf8 26. f3 e4 27.
Ke2 Be8 28. fxe4 Bh5+ 29. Kd3 Bg6 30. Ke2 Rcf7 31. Kd3 Rf2 32. Rd1 Bxe4+ 33.
Kd4 Rc8 34. Nb7+ Kc7 35. Na5 Kb6 36. Ke5 Rf5+ 37. Kd4 Rf2 38. Ke5 Rxa2 39. Bb3
Rxg2 40. Rf1 Nd7+ 41. Kd6 Rg6+ 42. Kxd7 Rc7+ 43. Ke8 h5 44. Bc2 Rh6 45. Rf8
Re6+ 46. Kd8 Rd6+ 47. Ke8 Re6+ 48. Kd8 Bxc2 49. Rxc2 Rd6+ 50. Ke8 Re6+ 51. Kd8
Rxe3 52. Rf5 Re6 53. Rxd5 cxd5 54. Rxc7 Rd6+ 55. Kc8 g5 56. Rh7 h4 57. Rg7 Kb5
58. Rxg5 Kxb4 59. Nb7 Rc6+ 60. Kd7 Rc2 61. Rg4+ Rc4 62. Rg2 Kc3 63. Nd6 Rb4 64.
Kc6 d4 65. Nb5+ Rxb5 66. Kxb5 d3 67. Rg7 d2 68. Rd7 1/2-1/2

[Event "2.BLS 0203 SG Kirchheim - Karlsruher SF"]
[Site "?"]
[Date "2003.01.26"]
[Round "5.8"]
[White "Porth, Dietmar"]
[Black "Bach, Edwin"]
[Result "1/2-1/2"]
[WhiteElo "2274"]
[BlackElo "2302"]
[PlyCount "40"]
[EventDate "2003.??.??"]

1. d4 d5 2. Nf3 Nf6 3. Bf4 c5 4. e3 Nc6 5. c3 Qb6 6. Qb3 c4 7. Qxb6 axb6 8. Be2
Bf5 9. O-O h6 10. Nbd2 e6 11. Ne5 Be7 12. Rfe1 O-O 13. Bf3 b5 14. a3 Rfd8 15.
Rac1 Kf8 16. e4 Nxe5 17. Bxe5 Nxe4 18. Nxe4 Bxe4 19. Bxe4 dxe4 20. Rxe4 Rd5
1/2-1/2

[Event "2.BLS 0203 SK Krumbach - SK Bebenhausen"]
[Site "?"]
[Date "2003.01.26"]
[Round "5.1"]
[White "Gheng, Josef"]
[Black "Lechtinsky, Jiri"]
[Result "0-1"]
[WhiteElo "2314"]
[BlackElo "2399"]
[PlyCount "76"]
[EventDate "2003.??.??"]

1. e4 c6 2. d4 d5 3. Nd2 dxe4 4. Nxe4 Nf6 5. Ng5 Bf5 6. Bc4 e6 7. Ne2 h6 8. Nf3
Nbd7 9. O-O Bd6 10. Ng3 Bh7 11. Re1 Qc7 12. Qe2 O-O 13. Bb3 c5 14. c3 a6 15.
Bd2 Rac8 16. Ne5 b5 17. Nxf7 Rxf7 18. Bxe6 Nf8 19. Bxf7+ Qxf7 20. a4 cxd4 21.
axb5 d3 22. Qf3 axb5 23. Nf5 Bxf5 24. Qxf5 Rc5 25. Qf3 Ng6 26. h3 Rd5 27. Ra8+
Kh7 28. Ree8 Qd7 29. Kf1 Bc5 30. Red8 Qxd8 31. Rxd8 Rxd8 32. Qc6 Rd5 33. Qxb5
Ne4 34. Be3 d2 35. Bxd2 Nxd2+ 36. Ke2 Nf4+ 37. Kd1 Nc4+ 38. Kc2 Rd2+ 0-1

[Event "2.BLS 0203 SK Krumbach - SK Bebenhausen"]
[Site "?"]
[Date "2003.01.26"]
[Round "5.2"]
[White "Egger, Thomas"]
[Black "Gohil, Harry"]
[Result "0-1"]
[WhiteElo "2307"]
[BlackElo "2354"]
[PlyCount "108"]
[EventDate "2003.??.??"]

1. Nf3 Nf6 2. g3 g6 3. Bg2 Bg7 4. O-O O-O 5. d4 d6 6. c4 Nbd7 7. Qc2 c6 8. Nc3
e5 9. Rd1 Qe7 10. b3 Re8 11. e3 exd4 12. exd4 Nf8 13. Bb2 Bf5 14. Qd2 Ne4 15.
Nxe4 Bxe4 16. Re1 Qf6 17. Nh4 Bxg2 18. Nxg2 Ne6 19. Rad1 Ng5 20. Nh4 Ne4 21.
Qc2 d5 22. f4 Qd6 23. Nf3 Re6 24. Re2 Rae8 25. Rde1 Bf8 26. Kg2 Qd8 27. a3 R6e7
28. Qd3 Qd7 29. Ne5 Qd6 30. c5 Qe6 31. Qf3 Qc8 32. g4 f6 33. Nd3 Nd2 34. Rxd2
Rxe1 35. Nxe1 Rxe1 36. Re2 Rxe2+ 37. Qxe2 Bh6 38. Bc1 Kf7 39. h3 f5 40. b4 Bg7
41. Bb2 fxg4 42. hxg4 Qh8 43. f5 gxf5 44. gxf5 Qe8 45. Qh5+ Kf8 46. Qf3 Qe1 47.
Bc3 Qh4 48. Qd3 Qg4+ 49. Kf1 Kf7 50. f6 Kxf6 51. Be1 Qf5+ 52. Ke2 Qxd3+ 53.
Kxd3 Kf5 54. Bg3 Kg4 0-1

[Event "2.BLS 0203 SK Krumbach - SK Bebenhausen"]
[Site "?"]
[Date "2003.01.26"]
[Round "5.3"]
[White "Hoensch, Matthias"]
[Black "Kempter, Ronald"]
[Result "1/2-1/2"]
[WhiteElo "2312"]
[BlackElo "2290"]
[PlyCount "119"]
[EventDate "2003.??.??"]

1. d4 Nf6 2. c4 e6 3. Nc3 d5 4. cxd5 exd5 5. Bg5 Nbd7 6. e3 c6 7. Qc2 Qa5 8.
Bd3 Bb4 9. Nge2 O-O 10. O-O Re8 11. a3 Bd6 12. b4 Qc7 13. Bf4 a6 14. Rfc1 Nf8
15. Na4 Ng6 16. Bxd6 Qxd6 17. Ng3 Nh4 18. Nc5 g6 19. Bf1 Re7 20. Nd3 Ng4 21. a4
Bf5 22. Qc5 Qc7 23. b5 Bxd3 24. Bxd3 axb5 25. axb5 Rxa1 26. Rxa1 cxb5 27. Rc1
Qxc5 28. Rxc5 Nf6 29. Bxb5 Kg7 30. h3 h5 31. Bd3 Rd7 32. f3 Ng8 33. Ne2 g5 34.
Nc3 Nf6 35. Kf2 Ng6 36. Bf5 Rd6 37. Rc7 Rb6 38. Na4 Rb4 39. Nc5 Rb2+ 40. Kf1
Nh4 41. g4 Nxf5 42. gxf5 Rb1+ 43. Ke2 Ne8 44. Rxb7 Rh1 45. e4 Rh2+ 46. Kf1 Rxh3
47. Kg2 g4 48. fxg4 hxg4 49. e5 Rf3 50. Re7 Nf6 51. exf6+ Kxf6 52. Re5 Rxf5 53.
Rxf5+ Kxf5 54. Kg3 f6 55. Nb3 Ke4 56. Kxg4 f5+ 57. Kg3 f4+ 58. Kf2 Kd3 59. Kf3
Kc3 60. Nc1 1/2-1/2

[Event "2.BLS 0203 SK Krumbach - SK Bebenhausen"]
[Site "?"]
[Date "2003.01.26"]
[Round "5.4"]
[White "Riefner, Edwin"]
[Black "Lorscheid, Gerhard"]
[Result "0-1"]
[WhiteElo "2226"]
[BlackElo "2307"]
[PlyCount "108"]
[EventDate "2003.??.??"]

1. e4 d6 2. d4 g6 3. Nc3 Bg7 4. Be3 c6 5. Qd2 Nd7 6. Nf3 b5 7. Bd3 Nb6 8. h3
Qc7 9. O-O Nf6 10. Bh6 O-O 11. Rfe1 e5 12. dxe5 dxe5 13. a4 a6 14. Qg5 Re8 15.
b3 Bb7 16. Re3 Nh5 17. Bxg7 Kxg7 18. Nh2 Qe7 19. Qxe7 Rxe7 20. g3 Rd8 21. Nf1
Nd7 22. Be2 Nhf6 23. Rd1 Rc8 24. f3 Nc5 25. Kf2 Ree8 26. Rd2 Rcd8 27. b4 Rxd2
28. Nxd2 Rd8 29. Ke1 Ne6 30. Rd3 Nd4 31. Bd1 Nd7 32. Ne2 c5 33. c4 bxa4 34.
Nxd4 exd4 35. Ra3 cxb4 36. Rxa4 Nc5 37. Ra5 Rc8 38. Ke2 f5 39. exf5 gxf5 40.
Nb3 Re8+ 41. Kd2 Nxb3+ 42. Bxb3 Bxf3 43. Rxa6 Re2+ 44. Kc1 Re3 45. Kb2 Be4 46.
Rd6 Rxg3 47. Rxd4 Rxh3 48. c5 Rc3 49. Rc4 h5 50. Rxc3 bxc3+ 51. Kxc3 h4 52. Ba4
h3 53. c6 h2 54. c7 h1=Q 0-1

[Event "2.BLS 0203 SK Krumbach - SK Bebenhausen"]
[Site "?"]
[Date "2003.01.26"]
[Round "5.5"]
[White "Kabisch, Thilo"]
[Black "Wild, Rudolf"]
[Result "0-1"]
[WhiteElo "2310"]
[BlackElo "2268"]
[PlyCount "118"]
[EventDate "2003.??.??"]

1. e4 c5 2. Nf3 Nc6 3. d4 cxd4 4. Nxd4 Nf6 5. Nc3 e5 6. Ndb5 d6 7. Bg5 a6 8.
Na3 b5 9. Nd5 Be7 10. Nxe7 Nxe7 11. Bd3 Bb7 12. Qf3 Nd7 13. b4 O-O 14. O-O f6
15. Bh4 Nb6 16. c4 bxc4 17. Nxc4 d5 18. Na5 dxe4 19. Bxe4 Bxe4 20. Qxe4 Qd5 21.
f3 Rfd8 22. Bf2 Na4 23. Qc2 Qb5 24. Qb3+ Kh8 25. a3 Nf5 26. Rfd1 Nd4 27. Bxd4
exd4 28. Rd2 Rac8 29. Re1 h6 30. Qf7 Qg5 31. Nb3 d3 32. Re4 Nc3 33. f4 Qf5 34.
Re7 Rg8 35. g3 Nb1 36. Rd1 Nc3 37. Nd4 Qh7 38. Rd2 Rgf8 39. Qe6 Nb1 40. Rd1 d2
41. Qe3 Rc3 42. Qe2 Rc1 43. Re3 Qg8 44. Kf2 Nc3 45. Rxc3 Rxc3 46. Ne6 Rfc8 47.
Rxd2 Rxa3 48. f5 Qf7 49. Rc2 Qa7+ 50. Kg2 Qb7+ 51. Kh3 Rac3 52. Rxc3 Rxc3 53.
Qd2 Rc8 54. Qd6 Qb5 55. Nxg7 Qf1+ 56. Kh4 Rc4+ 57. g4 Qf3 58. h3 Rc3 59. Qd8+
Kh7 0-1

[Event "2.BLS 0203 SK Krumbach - SK Bebenhausen"]
[Site "?"]
[Date "2003.01.26"]
[Round "5.6"]
[White "Trassl, Franz"]
[Black "Maeurer, Christoph Dr"]
[Result "1-0"]
[WhiteElo "2260"]
[BlackElo "2330"]
[PlyCount "93"]
[EventDate "2003.??.??"]

1. Nf3 Nf6 2. d4 g6 3. g3 Bg7 4. Bg2 O-O 5. O-O d6 6. b3 c6 7. Bb2 Bf5 8. Nbd2
Qc8 9. Re1 Bh3 10. Bh1 h6 11. e4 Na6 12. Nh4 Nh7 13. f4 c5 14. c3 cxd4 15. cxd4
e5 16. Nc4 exf4 17. Nxd6 Qd8 18. e5 Rb8 19. Qd2 fxg3 20. hxg3 Qd7 21. Ng2 Ng5
22. Nf4 Bg4 23. Re3 Nc7 24. Nxb7 Nce6 25. Nxe6 Nxe6 26. Nd6 Ng5 27. Rc1 Rb6 28.
Ba3 Ra6 29. Bc5 Ne6 30. Qd3 Rxa2 31. Ne4 Rd8 32. Bd6 Bf5 33. Qc3 Bxe4 34. Bxe4
Ng5 35. Bg2 Nh3+ 36. Kh2 Ng5 37. Rc2 Rxc2 38. Qxc2 Qg4 39. Rd3 Rxd6 40. exd6
Bxd4 41. Qd1 Qxd1 42. Rxd1 Bb6 43. Bd5 Kf8 44. Re1 Nh7 45. d7 Nf6 46. Bc6 Kg7
47. Re8 1-0

[Event "2.BLS 0203 SK Krumbach - SK Bebenhausen"]
[Site "?"]
[Date "2003.01.26"]
[Round "5.7"]
[White "Stoll, Ferdinand"]
[Black "Link, Ulrich Dr"]
[Result "1/2-1/2"]
[WhiteElo "2277"]
[BlackElo "2141"]
[PlyCount "37"]
[EventDate "2003.??.??"]

1. c4 c6 2. g3 d5 3. Bg2 Nf6 4. Nf3 Bg4 5. Ne5 Be6 6. cxd5 Bxd5 7. Nf3 c5 8.
O-O Nbd7 9. Nc3 Bc6 10. d4 e6 11. Bf4 cxd4 12. Qxd4 Bc5 13. Qd1 O-O 14. Ne5
Nxe5 15. Bxe5 Bxg2 16. Kxg2 Ng4 17. Bf4 Qd4 18. h3 Nf6 19. Na4 1/2-1/2

[Event "2.BLS 0203 SK Krumbach - SK Bebenhausen"]
[Site "?"]
[Date "2003.01.26"]
[Round "5.8"]
[White "Sirch, Franz"]
[Black "Braeuning, Rudolf Wilhelm"]
[Result "1/2-1/2"]
[WhiteElo "2215"]
[BlackElo "2281"]
[PlyCount "199"]
[EventDate "2003.??.??"]

1. e4 c5 2. Nc3 Nc6 3. f4 g6 4. Nf3 Bg7 5. Bb5 Nd4 6. O-O Nxb5 7. Nxb5 d5 8. e5
d4 9. d3 Nh6 10. Bd2 a6 11. Na3 b5 12. Qe1 Nf5 13. g4 Ne3 14. Bxe3 dxe3 15.
Qxe3 Bxg4 16. Qxc5 O-O 17. Qe3 Qd7 18. c3 f6 19. d4 Qf5 20. Nh4 Qh5 21. Qg3 g5
22. Ng2 fxe5 23. fxe5 Be2 24. Rxf8+ Rxf8 25. Qe3 Bh6 26. Re1 Bf3 27. Nb1 g4 28.
Qf2 Be4 29. Qe2 Bf3 30. Qf2 Bd5 31. Qe2 Qh3 32. b3 Rf3 33. c4 Re3 34. cxd5 Rxe2
35. Rxe2 Qd3 36. Re1 Qxd4+ 37. Kh1 Qxd5 38. Nc3 Qf3 39. Ne4 Bf4 40. e6 g3 41.
Nxg3 Bxg3 42. hxg3 Qxg3 43. Re3 Qf2 44. a3 Kg7 45. b4 Kf8 46. Kh2 Ke8 47. Rc3
Kd8 48. Rd3+ Kc8 49. Rh3 Qf5 50. Re3 Kc7 51. Kg3 h5 52. Rc3+ Kd6 53. Re3 Qg4+
54. Kh2 Kd5 55. Rg3 Qe2 56. Re3 Qf2 57. Rh3 Kxe6 58. Rxh5 Kd6 59. Rh3 Kd5 60.
Rh8 Qa2 61. Rh3 e5 62. Kg1 Kd4 63. Kf1 Qd2 64. Ne1 e4 65. Rh4 Qb2 66. Rg4 Ke3
67. Rg2 Qc1 68. Re2+ Kf4 69. Rf2+ Ke5 70. Ra2 Qc4+ 71. Re2 Kf4 72. Kf2 Qd4+ 73.
Kg2 e3 74. Kf1 Qd1 75. Rh2 Qd5 76. Rh3 Qc4+ 77. Kg1 Qc1 78. Kf1 Kg4 79. Rh8
Qxa3 80. Rg8+ Kf5 81. Rf8+ Kg6 82. Rg8+ Kf7 83. Rg3 Qxb4 84. Rxe3 Qd2 85. Rd3
Qc1 86. Ke2 Ke6 87. Re3+ Kd6 88. Rd3+ Kc6 89. Rd2 a5 90. Rc2+ Qxc2+ 91. Nxc2
Kc5 92. Kd3 b4 93. Na1 a4 94. Kc2 Kc4 95. Kb1 Kd3 96. Nc2 b3 97. Na1 Kc3 98.
Kc1 a3 99. Nxb3 a2 100. Na1 1/2-1/2